Ly trích Enzyme Amylase và Protease từ tuyến tụy và ruột của gà : Luận văn Thạc sĩ chuyên ngành Công nghệ sinh học
Mục đích của đề tài " Ly trích enzyme amylase và protease từ tuyến tuỵ và ruột của gà" nhằm tạo ra nguồn sản phẩm enzyme dồi dào và tăng giá trị nguồn phụ phẩm, đặc biệt là phụ phẩm của gà
Đã lưu trong:
| Príomhúdar: | |
|---|---|
| Formáid: | Leabhar |
| Teanga: | Undetermined |
| Foilsithe: |
Cần Thơ
Trường Đại học Cần Thơ
2011
|
| Ábhair: | |
| Clibeanna: |
Cuir Clib Leis
Gan Chlibeanna, Bí ar an gcéad duine leis an taifead seo a chlibeáil!
|
| Thư viện lưu trữ: | Trung tâm Học liệu Trường Đại học Cần Thơ |
|---|
| LEADER | 01128nam a2200229Ia 4500 | ||
|---|---|---|---|
| 001 | CTU_171090 | ||
| 008 | 210402s9999 xx 000 0 und d | ||
| 082 | |a 660.634 | ||
| 082 | |b T502 | ||
| 088 | |a 60420201 | ||
| 100 | |a Nguyễn, Phạm Tuấn | ||
| 245 | 0 | |a Ly trích Enzyme Amylase và Protease từ tuyến tụy và ruột của gà : | |
| 245 | 0 | |b Luận văn Thạc sĩ chuyên ngành Công nghệ sinh học | |
| 245 | 0 | |c Nguyễn Phạm Tuấn ; Nguyễn Minh Chơn ( Hướng dẫn khoa học ) | |
| 260 | |a Cần Thơ | ||
| 260 | |b Trường Đại học Cần Thơ | ||
| 260 | |c 2011 | ||
| 520 | |a Mục đích của đề tài " Ly trích enzyme amylase và protease từ tuyến tuỵ và ruột của gà" nhằm tạo ra nguồn sản phẩm enzyme dồi dào và tăng giá trị nguồn phụ phẩm, đặc biệt là phụ phẩm của gà | ||
| 650 | |a Enzymes,Enzymes | ||
| 650 | |x Công nghệ sinh học,Biotechnology | ||
| 904 | |i Tuyền, Hải | ||
| 980 | |a Trung tâm Học liệu Trường Đại học Cần Thơ | ||